20 titres les plus écoutés d'Arctic Monkeys - Statistiques

Statistiques générales
  • Ce quiz a été pris 11 fois
  • Le résultat moyen est 7 sur 20
Statistiques - réponses
Nb. d'écoutes Album % Correct
+ 3 784 000 000 AM I Wanna Be Yours
80%
+ 2 830 000 000 Favourite Worst Nightmare 505
60%
+ 720 000 000 AM Arabella
60%
+ 2 986 000 000 AM Do I Wanna Know?
60%
+ 1 178 000 000 Favourite Worst Nightmare Fluorescent Adolescent
60%
+ 532 000 000 AM Knee Socks
60%
+ 1 384 000 000 AM R U Mine?
50%
+ 2 352 000 000 AM Why'd You Only Call Me When You're High?
50%
+ 558 000 000 Whatever People Say I Am, That's What I'm Not I Bet You Look Good On The Dancefloor
30%
+ 512 000 000 Whatever People Say I Am, That's What I'm Not Mardy Bum
30%
+ 959 000 000 AM No. 1 Party Anthem
30%
+ 297 000 000 AM One For The Road
30%
+ 318 000 000 Favourite Worst Nightmare Teddy Picker
30%
+ 310 000 000 Favourite Worst Nightmare Brianstorm
20%
+ 280 000 000 Humbug Crying Lightning
20%
+ 228 000 000 Favourite Worst Nightmare Old Yellow Bricks
20%
+ 826 000 000 AM Snap Out Of It
20%
+ 543 000 000 Whatever People Say I Am, That's What I'm Not When The Sun Goes Down
20%
+ 217 000 000 Why'd You Only Call Me When You're High? (Single) Stop The World I Wanna Get Off With You
10%
+ 247 000 000 Leave Before the Lights Come On (Single) Baby I'm Yours
0%
Aucun quiz correspondant
Distribution des résultats
% des personnes avec chaque résultat
Percentile par nombre de réponses
Votre historique - résultats
Vous n’avez pas pris ce quiz